01471nam a2200337 a 4500001001000000003000500010005001700015008004100032010001100073011001100084040000900095090001000104100003900114245017100153260004100324500006000365502007900425590004000504590004000544590004000584650003700624650005700661650003700718856007000755901000700825942001000832942000600842999001900848952013100867952013500998000114492CHAP20220329144443.0180206s2017 mx a fsm |||||||spa d a110953 a111925 cCHAP aTesis1 aLandero Becerra, Alejandro913459210aComparación física y química poscosecha de seis híbridos comerciales de pimiento morrón (Capsicum annuum L.) /h[En línea]cpor Alejandro Landero Becerra. aChapingo, Méx. :bEl autor,c2017. aPara ver el contenido del material haga clic en la liga aTesis (Agr. en Horticultura Protegida) -- UACH. Departamento de Fitotecnia aE8697GMMb05c20180206lUCH01h1001 aE8697GMMb05c20180206lUCH01h1015 aE8697GMMb05c20180206lUCH01h114914aChile pimientoxCalidad.913325314aChile pimientoxFisiología y morfología.913153014aChile pimientoxMercadeo.922483 aFinding aiduhttp://10.13.5.2/tesis/sist114492.pdfzTeclea aquí aBK cTESIS n0 c110953d110953 00104054718TESISaBCbBCd2018-02-06fTESISl0oTesisp114493-10r2019-12-31 00:00:00w2019-12-31yTESISzRecien adquirido 00102local4053708TESISaBCbBCcPA_TESISd2018-02-06fTESISl0oTesisp114493-20r2019-12-31 00:00:00tc.2w2019-12-31yTESIS